| LEADER | 03539nam a2200373 4500 | ||
|---|---|---|---|
| 082 | |a 420.76 |b T306A | ||
| 100 | |a Nguyễn Văn Lợi | ||
| 245 | |a Bài tập tiếng anh 6 |c Nguyễn Văn Lợi, Nguyễn Hạnh Dung, Đặng văn Hùng | ||
| 260 | |a H.: |b Giáo dục, |c 2006 | ||
| 300 | |a 144tr.; |c 24cm | ||
| 520 | |a vv | ||
| 653 | |a Tiếng Anh | ||
| 942 | |2 ddc |c STK0 | ||
| 999 | |c 11882 |d 11882 | ||
| 952 | |0 0 |1 0 |2 ddc |4 0 |6 420_760000000000000_T306A |7 0 |8 400 |9 100838 |a qbu |b qbu |c D4 |d 2015-12-07 |g 5700 |o 420.76 T306A |p 11280.C1 |r 0000-00-00 |w 2015-12-07 |y STK0 | ||
| 952 | |0 0 |1 0 |2 ddc |4 0 |6 420_760000000000000_T306A |7 0 |8 400 |9 100839 |a qbu |b qbu |c D4 |d 2015-12-07 |g 5700 |o 420.76 T306A |p 11280.C2 |r 0000-00-00 |w 2015-12-07 |y STK0 | ||
| 952 | |0 0 |1 0 |2 ddc |4 0 |6 420_760000000000000_T306A |7 0 |8 400 |9 100840 |a qbu |b qbu |c D4 |d 2015-12-07 |g 5700 |o 420.76 T306A |p 11280.C3 |r 0000-00-00 |w 2015-12-07 |y STK0 | ||
| 952 | |0 0 |1 0 |2 ddc |4 0 |6 420_760000000000000_T306A |7 0 |8 400 |9 100841 |a qbu |b qbu |c D4 |d 2015-12-07 |g 5700 |o 420.76 T306A |p 11280.C4 |r 0000-00-00 |w 2015-12-07 |y STK0 | ||
| 952 | |0 0 |1 0 |2 ddc |4 0 |6 420_760000000000000_T306A |7 0 |8 400 |9 100842 |a qbu |b qbu |c D4 |d 2015-12-07 |g 5700 |o 420.76 T306A |p 11280.C5 |r 0000-00-00 |w 2015-12-07 |y STK0 | ||
| 952 | |0 0 |1 0 |2 ddc |4 0 |6 420_760000000000000_T306A |7 0 |8 400 |9 100843 |a qbu |b qbu |c D4 |d 2015-12-07 |g 5700 |o 420.76 T306A |p 11280.C6 |r 0000-00-00 |w 2015-12-07 |y STK0 | ||
| 952 | |0 0 |1 0 |2 ddc |4 0 |6 420_760000000000000_T306A |7 0 |8 400 |9 100844 |a qbu |b qbu |c D4 |d 2015-12-07 |g 5700 |o 420.76 T306A |p 11280.C7 |r 0000-00-00 |w 2015-12-07 |y STK0 | ||
| 952 | |0 0 |1 0 |2 ddc |4 0 |6 420_760000000000000_T306A |7 0 |8 400 |9 100845 |a qbu |b qbu |c D4 |d 2015-12-07 |g 5700 |o 420.76 T306A |p 11280.C8 |r 0000-00-00 |w 2015-12-07 |y STK0 | ||
| 952 | |0 0 |1 0 |2 ddc |4 0 |6 420_760000000000000_T306A |7 0 |8 400 |9 100846 |a qbu |b qbu |c D4 |d 2015-12-07 |g 5700 |o 420.76 T306A |p 11280.C9 |r 0000-00-00 |w 2015-12-07 |y STK0 | ||
| 952 | |0 0 |1 0 |2 ddc |4 0 |6 420_760000000000000_T306A |7 0 |8 400 |9 100847 |a qbu |b qbu |c D4 |d 2015-12-07 |g 5700 |o 420.76 T306A |p 11280.C10 |r 0000-00-00 |w 2015-12-07 |y STK0 | ||
| 952 | |0 0 |1 0 |2 ddc |4 0 |6 420_760000000000000_T306A |7 0 |8 400 |9 100848 |a qbu |b qbu |c D4 |d 2015-12-07 |g 5700 |o 420.76 T306A |p 11280.C11 |r 0000-00-00 |w 2015-12-07 |y STK0 | ||
| 952 | |0 0 |1 0 |2 ddc |4 0 |6 420_760000000000000_T306A |7 0 |8 400 |9 100849 |a qbu |b qbu |c D4 |d 2015-12-07 |g 5700 |o 420.76 T306A |p 11280.C12 |r 0000-00-00 |w 2015-12-07 |y STK0 | ||
| 952 | |0 0 |1 0 |2 ddc |4 0 |6 420_760000000000000_T306A |7 0 |8 400 |9 100850 |a qbu |b qbu |c D4 |d 2015-12-07 |g 5700 |o 420.76 T306A |p 11280.C13 |r 0000-00-00 |w 2015-12-07 |y STK0 | ||
| 952 | |0 0 |1 0 |2 ddc |4 0 |6 420_760000000000000_T306A |7 0 |8 400 |9 100851 |a qbu |b qbu |c D4 |d 2015-12-07 |g 5700 |o 420.76 T306A |p 11280.C14 |r 0000-00-00 |w 2015-12-07 |y STK0 | ||
| 952 | |0 0 |1 0 |2 ddc |4 0 |6 420_760000000000000_T306A |7 0 |8 400 |9 100852 |a qbu |b qbu |c D4 |d 2015-12-07 |g 5700 |o 420.76 T306A |p 11280.C15 |r 0000-00-00 |w 2015-12-07 |y STK0 | ||
| 952 | |0 0 |1 0 |2 ddc |4 0 |6 420_760000000000000_T306A |7 0 |8 400 |9 100853 |a qbu |b qbu |c D4 |d 2015-12-07 |g 5700 |o 420.76 T306A |p 11280.C16 |r 0000-00-00 |w 2015-12-07 |y STK0 | ||
| 952 | |0 0 |1 0 |2 ddc |4 0 |6 420_760000000000000_T306A |7 0 |8 400 |9 100854 |a qbu |b qbu |c D4 |d 2015-12-07 |g 5700 |o 420.76 T306A |p 11280.C17 |r 0000-00-00 |w 2015-12-07 |y STK0 | ||
| 952 | |0 0 |1 0 |2 ddc |4 0 |6 420_760000000000000_T306A |7 0 |8 400 |9 100855 |a qbu |b qbu |c D4 |d 2015-12-07 |g 5700 |o 420.76 T306A |p 11280.C18 |r 0000-00-00 |w 2015-12-07 |y STK0 | ||
| 952 | |0 0 |1 0 |2 ddc |4 0 |6 420_760000000000000_T306A |7 0 |8 400 |9 100856 |a qbu |b qbu |c D4 |d 2015-12-07 |g 5700 |o 420.76 T306A |p 11280.C19 |r 0000-00-00 |w 2015-12-07 |y STK0 | ||
| 952 | |0 0 |1 0 |2 ddc |4 0 |6 420_760000000000000_T306A |7 0 |8 400 |9 100857 |a qbu |b qbu |c D4 |d 2015-12-07 |g 5700 |o 420.76 T306A |p 11280.C20 |r 0000-00-00 |w 2015-12-07 |y STK0 | ||